Random Difficult Capital Cities - Statistics

General Stats
  • This quiz has been taken 257 times
    226 since last reset
  • The average score is 16 of 20
Answer Stats
Country Capital City % Correct
Paraguay Asunción
100%
Guinea-Bissau Bissau
100%
Bangladesh Dhaka
100%
East Timor Dili
100%
South Sudan Juba
100%
Ecuador Quito
100%
São Tomé and Príncipe São Tomé
100%
Libya Tripoli
100%
Liechtenstein Vaduz
100%
Nigeria Abuja
94%
Kyrgyzstan Bishkek
94%
Senegal Dakar
94%
Djibouti Djibouti
94%
Sierra Leone Freetown
94%
Guatemala Guatemala City
94%
Montenegro Podgorica
94%
Fiji Suva
94%
Uzbekistan Tashkent
94%
Tunisia Tunis
94%
Ghana Accra
93%
Jordan Amman
93%
Moldova Chișinău
93%
Kenya Nairobi
93%
Papua New Guinea Port Moresby
93%
El Salvador San Salvador
93%
Mongolia Ulaanbaatar
93%
Namibia Windhoek
93%
Ivory Coast Yamoussoukro
93%
Zimbabwe Harare
92%
Bolivia La Paz / Sucre
92%
Dominican Republic Santo Domingo
92%
Cameroon Yaoundé
92%
Togo Lomé
91%
Morocco Rabat
91%
Georgia Tbilisi
91%
Madagascar Antananarivo
90%
Kazakhstan Astana
90%
Somalia Mogadishu
90%
Saint Lucia Castries
88%
Nepal Kathmandu
88%
Nicaragua Managua
88%
Benin Porto-Novo / Cotonou
88%
Kosovo Pristina
88%
Tanzania Dodoma
87%
Liberia Monrovia
87%
Oman Muscat
87%
Honduras Tegucigalpa
87%
Belize Belmopan
86%
Niger Niamey
86%
Suriname Paramaribo
86%
Mauritius Port Louis
86%
Trinidad and Tobago Port-of-Spain
86%
Yemen Sana'a
85%
Maldives Malé
83%
Cyprus Nicosia
83%
North Macedonia Skopje
83%
Malawi Lilongwe
82%
Haiti Port-au-Prince
82%
Burkina Faso Ouagadougou
81%
Vanuatu Port Vila
81%
Central African Republic Bangui
80%
Uganda Kampala
80%
Zambia Lusaka
80%
Myanmar Naypyidaw
80%
Dem. Rep. of the Congo Kinshasa
79%
Grenada Saint George's
79%
Ethiopia Addis Ababa
78%
Saint Kitts and Nevis Basseterre
78%
Barbados Bridgetown
78%
Tajikistan Dushanbe
78%
Antigua and Barbuda Saint John's
78%
Bhutan Thimphu
77%
Laos Vientiane
76%
Nauru Yaren
76%
Sudan Khartoum
75%
Rwanda Kigali
75%
Gabon Libreville
75%
Equatorial Guinea Malabo
75%
Mozambique Maputo
75%
Bahamas Nassau
75%
Cape Verde Praia
75%
Bahrain Manama
74%
Samoa Apia
73%
Brunei Bandar Seri Begawan
73%
Angola Luanda
73%
Seychelles Victoria
73%
Guinea Conakry
72%
Eritrea Asmara
71%
Comoros Moroni
71%
Armenia Yerevan
71%
Guyana Georgetown
70%
Costa Rica San José
70%
Mali Bamako
69%
Botswana Gaborone
69%
Burundi Gitega
69%
Sri Lanka Sri Jayawardenepura Kotte
69%
Turkmenistan Ashgabat
67%
Mauritania Nouakchott
67%
Palau Ngerulmud
64%
Fed. States of Micronesia Palikir
64%
Cambodia Phnom Penh
64%
Dominica Roseau
64%
Lesotho Maseru
63%
Tonga Nukuʻalofa
63%
Tuvalu Funafuti
61%
Gambia Banjul
60%
Solomon Islands Honiara
59%
Marshall Islands Majuro
55%
Chad N'Djamena
54%
Kiribati South Tarawa
54%
Eswatini Mbabane
50%
Rep. of the Congo Brazzaville
40%
No matching quizzes found
Score Distribution
Percent of People with Each Score
Percentile by Number Answered
Your Score History
You have not taken this quiz since the last reset